Normal view
MARC view
- Rodowick, David Norman
Entry Personal Name
001 - CONTROL NUMBER
- control field: 39197
003 - CONTROL NUMBER IDENTIFIER
- control field: OSt
005 - DATE AND TIME OF LATEST TRANSACTION
- control field: 20160201115521.0
008 - FIXED-LENGTH DATA ELEMENTS
- fixed length control field: 160201|| aca||aabn | a|a d
040 ## - CATALOGING SOURCE
- Original cataloging agency: OSt
100 1# - HEADING--PERSONAL NAME
- Personal name: Rodowick, David Norman
400 1# - SEE FROM TRACING--PERSONAL NAME
- Personal name: Rodowick, D. N.
- Fuller form of name: (David Norman)